00324nam a2200133 a 4500020001800000082002000018100001800038245002300056260002500079300000900104500003500113650002400148700001800172 a8186706 00a305.40954 bKOT aKothari, Rita aSpeech and Silence aDelhibZubaan c2006 a151p aincludes index and biblioraphy aWomen-India-gujarat1 aKothari, Rita